000 00424nam a2200133Ia 4500
008 220217s9999||||xx |||||||||||||| ||und||
020 _a9788120337190
082 _a425 SHA
100 _aSharma, Sangeeta and Mishra, Binod
_98139
245 0 _aCommunication skills for engineers and scientist
260 _aPrenice hall of India
_bNew Delhi
_c2011
300 _aXVII, 354p.
_b195
650 _aENGLISH GENERAL BOOKS
_9691
999 _c182832
_d182832